| 000 | 00394nam a2200145 a 4500 | ||
|---|---|---|---|
| 001 | 4399 | ||
| 003 | CDMR | ||
| 005 | 20151016130001.0 | ||
| 008 | 130130s2010||||||||||||||||||||||||||||d | ||
| 040 |
_aCDMR _bcat _cCPC GIRONA |
||
| 245 | 3 |
_aEl saber no ocupa lloc _b: Programa general curs 2010-2011 |
|
| 260 |
_c2010 _bUdG Formació _aGirona |
||
| 710 | 2 |
_93937 _aUniversitat de Girona |
|
| 942 |
_cMON _2udc |
||
| 999 |
_c4399 _d4399 |
||